Flaga którego państwa... - Statystyki

Ogólne statystyki
  • Ten quiz został rozwiązany 220 razy
  • Średni wynik to 8 z 20
Statystyki odpowiedzi
Dokończenie zdania Odpowiedź % Poprawnych
...zawiera orła Albania / Czarnogóra / Egipt / Kazachstan / Meksyk / Mołdawia / Serbia / Zambia
82%
...nie jest prostokątem Nepal / Szwajcaria / Watykan
71%
...posiada czerwony krzyż Australia / Fidżi / Gruzja / Islandia / Nowa Zelandia / Tonga / Tuvalu / Wielka Brytania
61%
...była niegdyś jednokolorowa Afganistan / Francja / Libia
60%
...składa się przynajmniej w 75% z zieleni Arabia Saudyjska / Bangladesz / Turkmenistan
58%
...ma "gładkie" kółko i jednokolorowe tło Bangladesz / Japonia / Palau
57%
...zawiera tylko kolory: biały, czarny i niebieski Botswana / Estonia
39%
...składa się przynajmniej w 87,5% z niebieskiego Kazachstan / Kosowo / Mikronezja / Nauru / Somalia
38%
...ma we fladze ptaka innego niż orzeł Dominika / Ekwador / Kiribati / Papua Nowa Gwinea / Zimbabwe
35%
...ma ułożone gwiazdy w kształt litery X Honduras / Stany Zjednoczone / Turkmenistan / Uzbekistan / Wyspy Salomona
35%
...jako jedyna ukazuje człowieka Belize
32%
...ma pentagram Etiopia / Maroko
30%
...ma na sobie napisane Allāhu akbar Irak / Iran
28%
...zawiera zieloną gwiazdę Senegal / Syria
26%
...w każdym rogu ma kolor żółty Brunei / Czarnogóra / Sri Lanka
23%
...zawiera książkę / kartkę papieru Dominikana / Gwatemala / Mozambik
20%
...ukazuje budynek Kambodża
20%
...ukazuje górę (wulkany też są wliczane) Nikaragua / Salwador / Słowacja / Słowenia
18%
...jako jedyna jest dwustronna Paragwaj
12%
...posiada przyrząd astronomiczny Portugalia
9%
Nie znaleziono quizów pasujących do podanych kryteriów
Rozkład punktacji
Procent ludzi z każdym wynikiem
Percentyl według liczby udzielonych odpowiedzi
Twoja historia wyników
Nie rozwiązałeś tego quizu